000 00228 a2200097 4500
001 29751
100 _aWood D
245 _aJane's World Aircraft Recognition Handbook
260 _a
_bJanes Publishers
_c
090 _c19768
_d19768
942 _aNUST-CAE
_cM
_c10855
999 _c264824
_d264824